000 00614nam a2200217zi 4500
003 MX-MxINE
005 20260530115315.0
008 260505b |||||||| |||| 00| 0 eng d
040 _aICI
_bspa
_cICI
_erda
041 _aeng
050 _aLB1043.5
_bW74
100 1 _aWright, Andrew,
_d1937-
_eautor
_933484
245 _aDesigning for visual aids /
_cAndrew Wright
264 1 _aLondon :
_bStudio vista,
_c1970
300 _a96 páginas
336 _2rdacontent
_atexto
337 _2rdamedia
_asin medio
338 _2rdacarrier
_avolumen
650 4 _aAyudas visuales (Educación)
_933485
942 _2lcc
_n1
_cBK
999 _c13548
_d13548